| 000 | 01527nam a2200241Ia 4500 | ||
|---|---|---|---|
| 003 | Ost | ||
| 005 | 20260507074859.0 | ||
| 008 | 260507s9999||||xx |||||||||||||| ||und|| | ||
| 040 | _cfsecg | ||
| 041 | _aara | ||
| 082 | _a658.8 | ||
| 100 |
_aالشريف، ابراهيم _eمؤلف |
||
| 245 | 0 |
_aمبادئ التسويق والترويج / _c ابراهيم الشريف |
|
| 260 |
_aعمان: _bدار أسامة للنشر و التوزيع, _c2006 |
||
| 300 | _a176 صفحة؛ | ||
| 504 | _aبيبليوغرافيا: ص.168 | ||
| 520 | _aيضم التسويق، تحليل السوق ادارة التسويق، أهداف التسويق، ثقافة التسويق، نتويع مصدر الدخل، فن الاقناع والتفاوض في التسويق، التخطيط الشامل لأبحاث السوق، كيف تكون منافسا في السوق، كيف تكون مبدعا، أساليب ابرام الصفقة، أنواع الزبائن، دراسة الزبون من خلال الايماءات، الدعاية والاعلان، ادارة التسويق سلوك المستهلك، المفاهيم الاجتماعية، انجاز النشاط التسويقي المشترك، ادارة الترويج، كيف تصنع خطة تسويقية محكمة، كيف تستثمر وقتك لتكون مسوقا جيدا، ثقافة المستهلك | ||
| 653 | _aالاشهار | ||
| 653 | _aالاعلان | ||
| 653 | _aالترويج | ||
| 653 | _aالتسويق | ||
| 942 | _cكتاب | ||
| 999 |
_c41641 _d41641 |
||